| 000 | 01174nam1a22002531i 4500 | ||
|---|---|---|---|
| 001 | v19\rc\1278114 | ||
| 005 | 20260406155129.0 | ||
| 035 | _a(NLR Aleph) 004429144 | ||
| 090 |
_a4242611 _c4242611 |
||
| 100 | _a20060306d18971897|||y0rusy50 ca | ||
| 101 | 0 | _arus | |
| 102 | _aRU | ||
| 105 | _ay j ||||| | ||
| 200 | 1 | _aОтчет о состоянии Оренбургского епархиального женского училища по учебно-воспитательной части... | |
| 210 |
_a[Оренбург _d1897]- |
||
| 215 | _d25 | ||
| 300 | _aВ части изд. загл. незначит. изменено | ||
| 311 | _aПерепеч. из Оренбургск. епарх. ведомостей за соответствующие годы | ||
| 488 | 0 |
_12001#$aОренбургские епархиальные ведомости _tОренбургские епархиальные ведомости |
|
| 710 | 0 | 2 |
_aОренбургское епархиальное женское уч-ще _9356461 _3RU\NLR\AUTH\889930452 |
| 801 | 0 |
_aRU _bNLR _gpsbo |
|
| 801 | 1 |
_aRU _bProSoft-M _2rusmarc |
|
| 852 |
_aNLR _jШифры разные |
||
| 942 | _cBOOK | ||